000 00453nam a2200181Ia 4500
001 20065
005 20260306172738.0
008 260306t2002||||xx |||||||||||||| ||spa||
041 _aESP
082 _a342.211
_bL68
100 _aGonzález, Felipe (ed.)
_eAUT
245 0 _aLitigio y políticas públicas en derechos humanos
260 _c2002
300 _a348 páginas :
_c24 cm.
650 _aGEN
654 _aCDE
942 _cLIB
_dJUS
_fJUS
_2ddc
_n
999 _c20065
_d20065